000 03704cam a22008054i 4500
003 PE-LiUPU
005 20250731170412.0
008 070821s2007 mx a ab 000 0 spa
020 _a0072967439
020 _a9701060598
020 _a9780072967433
020 _a9789701060599
035 _a(Sirsi) i9780072967432
040 _aUIA
_bspa
_cUIA
_dOCLCQ
_dSPUDB
_dBNMEX
_dOCLCQ
_dOCLCF
_dOCLCO
_dPE-LiUPU
_erda
041 1 _aspa
_heng
049 _aPRUA
050 4 _aRJ131
_bS26418.2007
080 _a159.922.7
082 0 4 _a191.631
_bS21 2007
082 0 4 _a155.4
_bS21
_221
100 1 _aSantrock, John W.,
_eautor.
245 1 0 _aDesarrollo infantil /
_cJohn W. Santrock ; traducción Leticia Esther Pineda Ayala ; revisión técnica Florente López Rodríguez.
250 _aUndécima edición.
264 1 _aMéxico :
_bMcGraw Hill Interamericana,
_c2007.
300 _axxx, 585 páginas :
_bilustraciones ;
_c27 centímetros
336 _atext
_2rdacontent
337 _aunmediated
_2rdamedia
338 _avolume
_2rdacarrier
504 _aIncluye referencias bibliografícas, glosario e índice.
505 0 _aLA NATURALEZA DEL DESARROLLO DEL NIÑO -- Introducción -- La ciencia del desarrollo infantil -- PROCESOS BIOLOGICOS, DESARROLLOS FISICO Y PERCEPTUAL -- Inicios biológicos -- Desarrollo prenatal y nacimiento -- Salud y desarrollo físicos -- Desarrollo motor, sensorial y perceptual -- COGNICION Y LENGUAJE -- Modelos del desarrollo cognoscitivo -- Procesamiento de la información -- Inteligencia -- Desarrollo del lenguaje --DESARROLLO SOCIOEMOCIONAL -- Estudio de las emociones -- El yo y la identidad -- Género -- Desarrollo moral -- CONTEXTOS SOCIALES DEL DESARROLLO -- Familias -- Pares -- Escuelas y rendimientos -- Cultura.
526 _aSEG68
526 _aSEG70
526 _aSEG69
526 _aSEG67
526 _aSEG43
526 _aP144
526 _aP143
526 _aP131
526 _aP122
526 _aP120
526 _aP117
526 _aP112
526 _aP110
526 _aP106
526 _aP101
526 _aP80
526 _aP59
526 _aP54
526 _aP35
526 _aP33
526 _aP30
541 _g002-00000795;
650 0 _aChild development.
650 0 _aChild psychology.
650 4 _aDesarrollo infantil.
_91890
650 4 _aEstrés en niños.
700 1 _aLópez Rodríguez, Florente,
_erevisor.
700 1 _aPineda Ayala, Leticia Esther,
_etraductor.
910 _btqv
_cwelc
_d20160913
910 _aadm
_bksl
_cksl
_d20190306
942 _2ddc
_cBOOK
949 _a191.631 S21 2007
_wDEWEY
_c1
_iFJ02008
_lCCODEBUJ1
_mBUJ
_p20.00
_r0
_sY
_tBOOK
_u2016-9-13
_xSALUD
_PP33
_0COMPRA
_o.STAFF. Colección General Juliaca
949 _a191.631 S21 2007
_wDEWEY
_c2
_iFJ02009
_lCCODEBUJ1
_mBUJ
_p20.00
_r0
_sY
_tBOOK
_u2016-9-13
_xSALUD
_PP33
_0COMPRA
_o.STAFF. Colección General Juliaca
994 _aC0
_bPEPRU
596 _a1 3
999 _a191.631 S21 2007
_wDEWEY
_c12267
_iFJ02008
_d12267
_e2018-11-9
_f2022-1-17
_g4
_lCCODEBUJ1
_mBUJ
_n9
_p20.00
_q5
_r0
_sY
_tBOOK
_u2016-9-13
_xSALUD
_zP33
_0COMPRA
_o.STAFF. Colección General Juliaca
999 _a191.631 S21 2007
_wDEWEY
_c2
_iFJ02009
_d2019-4-29
_e2017-3-17
_f2022-1-17
_g4
_lCCODEBUJ1
_mBUJ
_n1
_p20.00
_q9
_r0
_sY
_tBOOK
_u2016-9-13
_xSALUD
_zP33
_0COMPRA
_o.STAFF. Colección General Juliaca
999 _a155.4 S21
_wDEWEY
_c1
_i80014
_d2019-10-28
_e2019-5-29
_f2021-11-3
_g3
_lCCODEBUL1
_mBUL
_n1
_p35.92
_q2
_r0
_sY
_tBOOK
_u2019-3-6
_xSALUD
_zP33
_0COMPRA
_1FCOMPR2
_o.STAFF. Colección Ciencias de la Salud
980 _81
_gALBERTO SANCHEZ Responsable de Automatización